| 000 | 00516nam a2200193 a 4500 | ||
|---|---|---|---|
| 005 | 20210219152932.0 | ||
| 008 | 991125n 000 0 u | ||
| 035 | _aUPN01000067679 | ||
| 100 | _aVARELA, Julia | ||
| 222 | _aREVISTA DE EDUCACION | ||
| 245 | _aClases sociales : pedagogĂas y reforma educativa | ||
| 300 | _a219-236 | ||
| 362 | _a1990 No. 292, may.-ago. | ||
| 653 | 0 | _aCLASES SOCIALES | |
| 653 | 0 | _aCRISIS EDUCATIVA | |
| 653 | 0 | _aREFORMA EDUCATIVA | |
| 904 |
_aAC _b005490 |
||
| 905 | _aArticulo | ||
| 999 |
_c64134 _d64134 |
||